Normal view
MARC view
- McDowell, Clare
Entry Personal Name
001 - CONTROL NUMBER
- control field: 187
003 - CONTROL NUMBER IDENTIFIER
- control field: BUBTlib
005 - DATE AND TIME OF LATEST TRANSACTION
- control field: 20151201171721.0
008 - FIXED-LENGTH DATA ELEMENTS
- fixed length control field: 140202|| aca||aabn | a|a d
040 ## - CATALOGING SOURCE
- Original cataloging agency: BUBTlib
100 ## - HEADING--PERSONAL NAME
- Personal name: McDowell, Clare
